La función judicial en las primeras épocas de la independencia (Record no. 101960)

MARC details
000 -LEADER
campo de control de longitud fija 00638nam a2200181 i 4500
001 - NÚMERO DE CONTROL
campo de control 101960
003 - IDENTIFICADOR DE NÚMERO DE CONTROL
campo de control ES-MaACL
005 - FECHA Y HORA DE LA ÚLTIMA TRANSACCIÓN
campo de control 20250827063218.0
007 - CAMPO FIJO DE DESCRIPCIÓN FÍSICA--INFORMACIÓN GENERAL
campo de control de longitud fija t|
008 - DATOS DE LONGITUD FIJA--INFORMACIÓN GENERAL
campo de control de longitud fija 051028s1944 ag |||| | spa d
100 1# - ENTRADA PRINCIPAL--NOMBRE DE PERSONA
Nombre de persona Méndez Calzada, Luis,
Fechas asociadas al nombre 1888-1945
9 (RLIN) 80144
245 13 - MENCIÓN DEL TÍTULO
Título La función judicial en las primeras épocas de la independencia
Resto del título : estudio sobre la formación evolutiva del poder judicial argentino /
Mención de responsabilidad, etc. Luis Méndez Calzada.
260 ## - PUBLICACIÓN, DISTRIBUCIÓN, ETC.
Lugar de publicación, distribución, etc. Buenos Aires :
Nombre del editor, distribuidor, etc. Losada,
Fecha de publicación, distribución, etc. 1944.
300 ## - DESCRIPCIÓN FÍSICA
Extensión 496 p. ;
Dimensiones 24 cm.
650 #4 - PUNTO DE ACCESO ADICIONAL DE MATERIA--TÉRMINO DE MATERIA
Término de materia o nombre geográfico como elemento de entrada Poder judicial-
Subdivisión geográfica Argentina.
9 (RLIN) 168576
852 ## - LOCALIZACIÓN
Ubicación ES-MaACL
Número de control de estantería F-5149
Holdings
Estatus retirado Estado de pérdida Estado de daño No para préstamo Biblioteca de origen Biblioteca actual Ubicación en estantería Fecha de adquisición Fuente de adquisición Total de préstamos Signatura topográfica completa Código de barras Visto por última vez Precio de reemplazo Tipo de ítem Koha
        Biblioteca del Ateneo de Madrid Biblioteca del Ateneo de Madrid Depósito 2 17/01/2008     F-5149 1106441 23/02/2023 23/02/2023 Libro impreso